| 000 | 01067cad a22002415a 4500 | ||
|---|---|---|---|
| 001 | E150176 | ||
| 008 | 100610e20100521xxka f s000 0 eng d | ||
| 035 | _a(Sirsi) u150176 | ||
| 041 | 0 | _aeng | |
| 100 | 1 | _aHerbert, Stephen | |
| 245 | 0 | 0 |
_aNon-domestic rates _blivestock auction marts _h[electronic resource] |
| 260 |
_aEdinburgh _bScottish Parliament _c2010 |
||
| 490 | 0 |
_aSPICe Briefing _v(10/31) 21 May 2010 |
|
| 520 | _aLooks at livestock auction marts and the 2010 non-domestic rates revaluation, focussing particularly on the methodology used in the 2010 revaluation, and the lack of a transitional scheme in Scotland. | ||
| 521 | _aAdvanced | ||
| 590 | _aKA | ||
| 651 | 4 |
_aScotland _y1999- |
|
| 690 | _aENVIRONMENTAL AND LAND CONSULTANCY-AGRIBUSINESS-AGRICULTURE | ||
| 690 | _aPROPERTY-COMMERCIAL PROPERTY-COMMERCIAL PROPERTY TAXATION-BUSINESS RATES | ||
| 700 | 1 | _aKenyon, Wendy | |
| 856 | 4 | 0 |
_uhttps://www.scottish.parliament.uk/business/research/briefings-10/SB10-31.pdf _zView the briefing free of charge at www.scottish.parliament.uk |
| 942 | _n0 | ||
| 999 |
_c110775 _d110775 |
||